| 000 | 00362nam a22001337a 4500 | ||
|---|---|---|---|
| 020 | _a0070568359 | ||
| 040 | _cNUST | ||
| 082 |
_a621.104076 _bCHE |
||
| 100 |
_aJosheph F. shelley _9124009 |
||
| 245 | _a800 Solved Problems in Vector Mechanics for Engineers Volume 1 Statics | ||
| 260 |
_aNew York: _bMcGraw Hill, _c1990. |
||
| 650 | _aStatics | ||
| 942 |
_2ddc _cBK |
||
| 999 |
_c609986 _d609986 |
||